| 000 | 01088nam a22002417a 4500 | ||
|---|---|---|---|
| 005 | 20240530110556.0 | ||
| 008 | 160310s2013 ua g b 000 0 ara d | ||
| 017 |
_a2013/1030 _bمصر . دار الكتب المصرية |
||
| 020 | _a9789774103123 | ||
| 040 | _aEG-CaGPL | ||
| 082 | 0 | 4 |
_221 _a370.117\ _bع ث |
| 100 | 0 | _aعلى جوهر | |
| 245 | 1 | 0 |
_aثورات الربيع العربى و اعداد المعلمين على ثقافة الحوار : _b" رؤية مقترحة لتوظيف جهود الايسيسكو فى تعزيز ثقافة الحوار تربويا " / _cعلى جوهر ، محمد حسن احمد جمعة |
| 250 | _aط1 | ||
| 260 |
_aالقاهرة : _b المكتبة العصرية للنشر و التوزيع _c2013. |
||
| 300 |
_a320 ص ؛ _c24 سم . |
||
| 504 | _aيشتمل على ارجاعات ببليوجرافية | ||
| 650 | 0 | 4 |
_aالمدرسون _xتدريب |
| 650 | 0 | 4 | _aطرق التدريس |
| 700 | 0 |
_aمحمد حسن احمد جمعة _eمؤلف مشارك |
|
| 942 |
_2ddc _cBK |
||
| 999 |
_c62566 _d62566 |
||